• 首页
  • 本馆介绍
  • 公告通知
  • 最新文献
  • 馆藏检索
  • 电子资源
  • 读者导购
  • 参考咨询
  • 我的图书馆
  • 登录
  • 详细信息显示
  • 放入我的书架
  • 预约/预借图书
  • 作者相关作品
  • 分类相关作品
  • 丛书相关作品
  • 出版社相关作品

书目信息

  • 表格格式
  • 工作单格式
  • 卡片格式
题名:
校园经济论
    
 
作者: 周秉澄 主编
分册:  
出版信息: 北京   人民教育出版社  2000
页数: 11,253页
开本: 21cm
丛书名: 当代大教育论丛书
单 册:
中图分类: G475 , G40-054
科图分类:
主题词: 学校管理--教育经济学--研究--中国 , 教育经济学--学校管理--研究--中国
电子资源:
ISBN: 7-107-13026-9
000 00972oam2 2200277 450
001 1552272176
005 20150130143123.75
010    @a7-107-13026-9@dCNY18.10
100    @a20000901d2000 em y0chiy0110 ea
101 0  @achi
102    @aCN@b110000
105    @ay z 000yy
200 1  @a校园经济论@9xiao yuan jing ji lun@f周秉澄主编
210    @a北京@c人民教育出版社@d2000
215    @a11,253页@d21cm
225 2  @a当代大教育论丛书@v9
300    @a教育部“九五”规划重点图书 人民教育出版社资助出版
330    @a本书主要讨论了校园经济与市场经济,校园经济的结构,校园经济的投入与产出,校园经济的资源配置,校园经济的校办产业,校园经济管理体制,校园经济的管理信息系统等方面的问题。
461  0 @12001 @a当代大教育论丛书
606 0  @a学校管理@x教育经济学@x研究@y中国
606 0  @a教育经济学@x学校管理@x研究@y中国
690    @aG475@v5
690    @aG40-054@v5
701  0 @a周秉澄@9zhou bing cheng@4主编
801  0 @aCN@bTSSF@c20150130
905    @aZUCC@dG475@eJY1
    
    校园经济论/周秉澄主编.-北京:人民教育出版社,2000
    11,253页;21cm.-(当代大教育论丛书;9)
    教育部“九五”规划重点图书 人民教育出版社资助出版
    
    ISBN 7-107-13026-9:CNY18.10
    本书主要讨论了校园经济与市场经济,校园经济的结构,校园经济的投入与产出,校园经济的资源配置,校园经济的校办产业,校园经济管理体制,校园经济的管理信息系统等方面的问题。
●
相关链接 在E读中查询图书 在五车中查询图书 在当当中查询图书 在豆瓣中查询图书


正题名:校园经济论     索取号:G475/JY1         预约/预借

序号 登录号 条形码 馆藏地/架位号 状态 备注
1 7859313   278593130   学院路分馆/ [索取号:G475/JY1] 在馆    
唐山师范学院图书馆 欢迎您!
大连网信软件有限公司© 版权所有